Privacy and electronic communications (EC Directive) (Record no. 103240)

MARC details
000 -LEADER
fixed length control field 01269cam a2200241 4500
001 - CONTROL NUMBER
control field J124531
008 - FIXED-LENGTH DATA ELEMENTS--GENERAL INFORMATION
fixed length control field 031124n2003 000 0 eng u
035 ## - SYSTEM CONTROL NUMBER
System control number (Sirsi) u124531
041 ## - LANGUAGE CODE
Language code of text/sound track or separate title eng
245 ## - TITLE STATEMENT
Title Privacy and electronic communications (EC Directive)
Medium [electronic resource]
260 ## - PUBLICATION, DISTRIBUTION, ETC.
Date of publication, distribution, etc. 2003
490 ## - SERIES STATEMENT
Series statement Directive
Volume/sequential designation 2002/58/EC
520 ## - SUMMARY, ETC.
Summary, etc. Under the Directive, unsolicited commercial email and text messages can only be sent if the recipient has agreed in advance and firms who use cookies and similar internet tracking devices will be required to provide information on these devices. The regulations will affect direct marketing, safety, user and traffic data, location data and call services. Brought into force in the UK by the Privacy and Electronic Communications (EC Directive) Regulations 2003.
650 ## - SUBJECT ADDED ENTRY--TOPICAL TERM
Topical term or geographic name entry element DIRECTIVE 2002/58/EC
650 ## - SUBJECT ADDED ENTRY--TOPICAL TERM
Topical term or geographic name entry element PRIVACY AND ELECTRONIC COMMUNICATIONS (EC DIRECTIVE) REGULATIONS 2003
650 ## - SUBJECT ADDED ENTRY--TOPICAL TERM
Topical term or geographic name entry element EC DIRECTIVES
650 ## - SUBJECT ADDED ENTRY--TOPICAL TERM
Topical term or geographic name entry element PRIVACY
650 ## - SUBJECT ADDED ENTRY--TOPICAL TERM
Topical term or geographic name entry element ELECTRONIC COMMUNICATIONS
650 ## - SUBJECT ADDED ENTRY--TOPICAL TERM
Topical term or geographic name entry element MARKETING
690 ## - LOCAL SUBJECT ADDED ENTRY--TOPICAL TERM (OCLC, RLIN)
Topical term or geographic name as entry element MANAGEMENT-BUSINESS MANAGEMENT-INFORMATION MANAGEMENT
856 ## - ELECTRONIC LOCATION AND ACCESS
Uniform Resource Identifier <a href="https://www.legislation.gov.uk/uksi/2003/2426/contents/made">https://www.legislation.gov.uk/uksi/2003/2426/contents/made</a>
Public note View the Directive at www.legislation.gov.uk
942 ## - ADDED ENTRY ELEMENTS (KOHA)
Suppress in OPAC 0
Holdings
Withdrawn status Lost status Source of classification or shelving scheme Damaged status Not for loan Home library Current library Shelving location Date acquired Total Checkouts Full call number Barcode Date last seen Copy number Price effective from Koha item type
    Dewey Decimal Classification     Virtual Virtual Online 28/11/2003   ONLINE PUBLICATION 124531-2001 06/08/2019 1 06/08/2019 Book